Statistiche per Medaglie d'oro italiane ai Giochi olimpici invernali

Clicka qui per fare il quiz!

Statistiche generali

  • Questo quiz è stato fatto 7 volte
  • Il punteggio medio è 19 su 63

Statistiche sulle risposte

edizionedisciplinaspecialitàgenerevincitore% Corretto
Pechino 2022short track500 mFArianna Fontana
100%
PyeongChang 2018short track500 mFArianna Fontana
100%
sci alpinodiscesa liberaFSofia Goggia
100%
sci alpinoslalom giganteMAlberto Tomba
83%
sci alpinoslalom specialeMAlberto Tomba
83%
Calgary 1988sci alpinoslalom giganteMAlberto Tomba
83%
curlingdoppio mistoFStefania Constantini
67%
curlingdoppio mistoMAmos Mosaner
50%
slittinosingoloMArmin Zöggeler
50%
Torino 2006slittinosingoloMArmin Zöggeler
50%
sci alpinoslalom giganteFDeborah Compagnoni
50%
sci alpinoslalom giganteFDeborah Compagnoni
50%
sci alpinosupergiganteFDeborah Compagnoni
50%
sci nordicostaffettaMGiorgio Di Centa
50%
sci nordico50 km TLMGiorgio Di Centa
50%
Sapporo 1972sci alpinoslalom giganteMGustav Thöni
50%
Lillehammer 1994sci nordico15 km TLFManuela Di Centa
50%
sci nordico30 km TCFManuela Di Centa
50%
snowboardcrossFMichela Moioli
50%
Innsbruck 1976sci alpinoslalom specialeMPiero Gros
50%
sci nordicostaffettaMSilvio Fauner
50%
Oslo 1952sci alpinodiscesa liberaMZeno Colò
50%
pattinaggio di velocitàinseguimento a squadreMEnrico Fabris
33%
pattinaggio di velocità1500 mMEnrico Fabris
33%
boba quattroMEugenio Monti
33%
boba dueMEugenio Monti
33%
sci nordicostaffettaMFulvio Valbusa
33%
Vancouver 2010sci alpinoslalom specialeMGiuliano Razzoli
33%
boba dueMLamberto Dalla Costa
33%
sci nordicostaffettaMMarco Albarello
33%
sci nordicostaffettaMMaurilio De Zolt
33%
sci nordicostaffettaMPietro Piller Cottrer
33%
Salt Lake City 2002sci nordico15 km TLFStefania Belmondo
33%
sci nordico30 km TLFStefania Belmondo
33%
sci nordicostaffettaMCristian Zorzi
17%
sci alpinosupergiganteFDaniela Ceccarelli
17%
sci nordico30 km TCFGabriella Paruzzi
17%
sci nordicostaffettaMGiorgio Vanzetta
17%
pattinaggio di velocitàinseguimento a squadreMIppolito Sanfratello
17%
pattinaggio di velocitàinseguimento a squadreMMatteo Anesi
17%
Sarajevo 1984sci alpinoslalom specialeFPaoletta Magoni
17%
slittinosingoloMPaul Hildgartner
17%
slittinodoppioMPaul Hildgartner
17%
boba dueMAntonio Tartaglia
0%
slittinosingoloFErika Lechner
0%
Grenoble 1968sci di fondo30 kmMFranco Nones
0%
slittinosingoloFGerda Weissensteiner
0%
Cortina d'Ampezzo 1956boba dueMGiacomo Luigi Conti
0%
Nagano 1998boba dueMGünther Huber
0%
short trackstaffettaMHugo Hernhof
0%
Albertville 1992sci alpinocombinataMJosef Polig
0%
slittinodoppioMKurt Brugger
0%
boba quattroMLuciano De Paolis
0%
boba dueMLuciano De Paolis
0%
boba quattroMMario Armano
0%
short trackstaffettaMMaurizio Camino
0%
short trackstaffettaMMirko Vuillermin
0%
Sankt Moritz 1948skeletonsingoloMNino Bibbia
0%
short trackstaffettaMOrazio Fagone
0%
boba quattroMRoberto Zandonella
0%
pattinaggio di velocitàinseguimento a squadreMStefano Donagrandi
0%
slittinodoppioMWalter Plaikner
0%
slittinodoppioMWilfried Huber
0%

Distribuzione punteggi

Percentile per numero di risposta

Percentuale di utenti per punteggio

I tuoi punteggi nel tempo

Non hai fatto questo quiz